| 000 | 00764nas a2200253 4500 | ||
|---|---|---|---|
| 001 | BR8807043 | ||
| 003 | BR-BrBNA | ||
| 005 | 20231205091358.0 | ||
| 007 | ta | ||
| 008 | 230509b bl.|||p| |||| 00| 00por d | ||
| 040 |
_aBR-BrBNA _bpor _cBiblioteca Nacional de Agricultura |
||
| 041 | _a(Pt) | ||
| 072 | _aQ03 | ||
| 100 | 1 | _aLamardo, L.C.A. | |
| 100 | 1 | _aGelli, D.S. | |
| 100 | 1 | _aSabino, M. | |
| 245 | 1 | _aPesquisa de toxina paralisante dos moluscos em pescado | |
| 246 | 1 | _aSearch for paralytic shellfish poison in fish | |
| 650 | _aPEIXE | ||
| 650 | _aTOXINA | ||
| 773 | 0 |
_tRevista do Instituto Adolfo Lutz (Brazil) _xISSN 0073-9855 _g(Jun-Dec 1986), v. 46(1-2) p. 87-90 _wBR8807043 |
|
| 909 |
_a202311 _bLúcia _c55 _dLúcia Elande |
||
| 942 |
_2AGRIS _n0 _cANA |
||
| 999 |
_c124688 _d124688 |
||